The poems of John Donne / (Record no. 20399)
[ view plain ]
| 000 -LEADER | |
|---|---|
| fixed length control field | 01032nam a2200277 a 4500 |
| 001 - CONTROL NUMBER | |
| control field | 20399 |
| 003 - CONTROL NUMBER IDENTIFIER | |
| rucl marc code | BD-RjUL |
| 005 - DATE AND TIME OF LATEST TRANSACTION | |
| control field | 20211209000548.0 |
| 008 - FIXED-LENGTH DATA ELEMENTS--GENERAL INFORMATION | |
| fixed length control field | 140227r19531912enka a 001 1 eng d |
| 035 ## - SYSTEM CONTROL NUMBER | |
| System control number | (BD-RjUL)20461 |
| System control number | (OCoLC)352265 |
| 040 ## - CATALOGING SOURCE | |
| Original cataloging agency | DLC |
| Transcribing agency | WSU |
| Modifying agency | SER |
| -- | m.c |
| -- | OCL |
| -- | EQO |
| -- | BD-RjUL |
| Language of cataloging | eng |
| 041 ## - LANGUAGE CODE | |
| Language code of text/sound track or separate title | eng |
| 082 04 - DEWEY DECIMAL CLASSIFICATION NUMBER | |
| Classification number | 821.4 |
| Author mark and year | DOP 1953 |
| 100 1# - MAIN ENTRY--PERSONAL NAME | |
| Personal name | Donne, John, |
| Dates associated with a name | 1572-1631. |
| 9 (RLIN) | 62902 |
| 245 14 - TITLE STATEMENT | |
| Title | The poems of John Donne / |
| Statement of responsibility, etc. | edited from the old editions and numerous manuscripts with introductions & commentary by Herbert J.C. Grierson / |
| 260 ## - PUBLICATION, DISTRIBUTION, ETC. (IMPRINT) | |
| Place of publication, distribution, etc. | Oxford : |
| Name of publisher, distributor, etc. | Clarendon Press, |
| Date of publication, distribution, etc. | 1912 [reprinted 1953]. |
| 300 ## - PHYSICAL DESCRIPTION | |
| Pagination | xxiv, 474 p. : |
| Illustrations | ill.; |
| Size | 22 cm. |
| 500 ## - GENERAL NOTE | |
| General note | Includes index. |
| 505 ## - FORMATTED CONTENTS NOTE | |
| Formatted contents note | Vol. 1 The text of the poems with appendixes -- Vol. 2 Introduction and commentary -- |
| 600 10 - SUBJECT ADDED ENTRY--PERSONAL NAME | |
| Personal name | Donne, John, |
| Dates associated with a name | 1572-1631 |
| General subdivision | Criticism and interpretation. |
| 700 1# - ADDED ENTRY--PERSONAL NAME | |
| Personal name | Grierson, Herbert John Clifford, |
| Dates associated with a name | 1866-1960. |
| 942 ## - ADDED ENTRY ELEMENTS (KOHA) | |
| Source of classification or shelving scheme | Dewey Decimal Classification |
| Koha item type | Books |
| Lost status | Source of classification or shelving scheme | Damaged status | Not for loan | Collection code | Permanent Location | Current Location | Shelving location | Date acquired | Source of acquisition | Cost, normal purchase price | Full call number | Date last seen | Copy number | Koha item type | Total Checkouts |
|---|---|---|---|---|---|---|---|---|---|---|---|---|---|---|---|
| Dewey Decimal Classification | Non-fiction | Central Library, University of Rajshahi | Central Library, University of Rajshahi | Reading Room | 19/02/1955 | Dacca, court H. St. | 12.10 | 821.4 DOP V-1 1953 | 27/02/2014 | C-1 | Books | ||||
| Dewey Decimal Classification | Not For Loan | Non-fiction | Central Library, University of Rajshahi | Central Library, University of Rajshahi | Reading Room | 19/02/1955 | Court H. St. | 12.16 | 821.4 DOP V-2 1953 | 26/01/2017 | C-1 | Books | |||
| Dewey Decimal Classification | Non-fiction | Central Library, University of Rajshahi | Central Library, University of Rajshahi | 04/03/2020 | 821.4 DOP 1953 V-2 | 04/03/2020 | C-2 | Books | |||||||
| Dewey Decimal Classification | Non-fiction | Central Library, University of Rajshahi | Central Library, University of Rajshahi | 12/03/2020 | 821.4 DOP 1953 V-1 | 12/03/2020 | C-3 | Books | |||||||
| Dewey Decimal Classification | Non-fiction | Central Library, University of Rajshahi | Central Library, University of Rajshahi | General Stacks | 08/08/1955 | OUP | 22.08 | 821.4 DOP V-1 1953 | 25/04/2022 | C-2 | Books |